| Tag |
First Indicator |
Second Indicator |
Subfields |
| LEADER |
00000cam a2200000 a 4500 |
| 001 |
in00000070111 |
| 005 |
20151008061608.0 |
| 008 |
711015s1971 cau b 00110 eng |
| 010 |
|
|
|a 79142050
|
| 020 |
|
|
|a 0520018826
|
| 035 |
|
|
|a (OCoLC)00198186
|
| 035 |
|
|
|9 AAJ8400AM
|
| 040 |
|
|
|a DLC
|c DLC
|d TXA
|d UtOrBLW
|
| 043 |
|
|
|a a-cc---
|
| 049 |
|
|
|a TXAM
|c [933136]
|
| 050 |
0 |
0 |
|a DS777.57
|b .L58 1971
|
| 082 |
0 |
|
|a 329/.01/0951
|
| 100 |
1 |
|
|a Liu, Alan P. L.,
|d 1937-
|
| 245 |
1 |
0 |
|a Communications and national integration in Communist China /
|c Alan P. L. Liu.
|
| 264 |
|
1 |
|a Berkeley :
|b University of California Press,
|c 1971.
|
| 300 |
|
|
|a xviii, 225 pages ;
|c 25 cm.
|
| 336 |
|
|
|a text
|b txt
|2 rdacontent
|
| 337 |
|
|
|a unmediated
|b n
|2 rdamedia
|
| 338 |
|
|
|a volume
|b nc
|2 rdacarrier
|
| 490 |
1 |
|
|a Michigan studies on China
|
| 500 |
|
|
|a "Published for the Center for Chinese Studies of the University of Michigan."
|
| 504 |
|
|
|a Bibliography: pages 215-221.
|
| 650 |
|
0 |
|a Propaganda, Chinese.
|
| 710 |
2 |
|
|a University of Michigan.
|b Center for Chinese Studies.
|
| 830 |
|
0 |
|a Michigan studies on China.
|
| 999 |
|
|
|a MARS
|
| 999 |
f |
f |
|s d404d2fa-a517-39fe-b7ae-85604799eeb9
|i 3db9b2a5-1720-3df7-90ea-25aaf90e971b
|t 0
|
| 952 |
f |
f |
|p ric
|a Texas A&M University
|b Rellis Campus
|c Joint Library Facility
|d Remote Storage
|t 0
|e DS777.57 .L58 1971
|h Library of Congress classification
|i unmediated -- volume
|m A14806102459
|
| 998 |
f |
f |
|a DS777.57 .L58 1971
|t 0
|l Remote Storage
|